Minecraft Items: Compostable - Statistics

General Stats
  • This quiz has been taken 19 times
  • The average score is 46 of 115
Answer Stats
Composting Chance Answer % Correct
65% Carrot
93%
65% Beetroot
87%
65% Potato
87%
65% Wheat
80%
30% Cherry Sapling
73%
30% Dark Oak Sapling
73%
30% Oak Sapling
73%
65% Pumpkin
73%
30% Spruce Sapling
73%
30% Acacia Sapling
67%
65% Melon
67%
65% Sunflower
67%
30% Wheat Seeds
67%
30% Beetroot Seeds
60%
30% Birch Sapling
60%
65% Dandelion
60%
30% Jungle Leaves
60%
30% Melon Seeds
60%
30% Oak Leaves
60%
30% Pumpkin Seeds
60%
65% Rose Bush
60%
30% Spruce Leaves
60%
50% Tall Grass
60%
30% Acacia Leaves
53%
65% Apple
53%
65% Azalea
53%
30% Birch Leaves
53%
65% Brown Mushroom
53%
30% Cherry Leaves
53%
65% Cornflower
53%
30% Dark Oak Leaves
53%
65% Fern
53%
85% Flowering Azalea
53%
30% Glow Berries
53%
30% Jungle Sapling
53%
30% Kelp
53%
65% Orange Tulip
53%
65% Red Mushroom
53%
65% Red Tulip
53%
30% Azalea Leaves
47%
50% Cactus
47%
30% Mangrove Leaves
47%
50% Melon Slice
47%
65% Oxeye Daisy
47%
30% Pale Oak Sapling
47%
65% Poppy
47%
30% Sweet Berries
47%
65% White Tulip
47%
65% Wither Rose
47%
65% Blue Orchid
40%
85% Bread
40%
30% Bush
40%
30% Cactus Flower
40%
65% Lilac
40%
65% Lily of the Valley
40%
30% Mangrove Propagule
40%
65% Moss Block
40%
30% Pale Oak Leaves
40%
65% Pink Tulip
40%
30% Seagrass
40%
30% Short Grass
40%
50% Sugar Cane
40%
85% Torchflower
40%
65% Allium
33%
65% Azure Bluet
33%
85% Baked Potato
33%
100% Cake
33%
65% Cocoa Beans
33%
65% Crimson Fungus
33%
30% Dried Kelp
33%
50% Flowering Azalea Leaves
33%
65% Lily Pad
33%
30% Moss Carpet
33%
50% Vines
33%
65% Warped Fungus
33%
85% Brown Mushroom Block
27%
65% Large Fern
27%
30% Mangrove Roots
27%
65% Peony
27%
85% Red Mushroom Block
27%
65% Sea Pickle
27%
30% Short Dry Grass
27%
30% Torchflower Seeds
27%
50% Twisting Vines
27%
65% Big Dripleaf
20%
85% Cookie
20%
30% Firefly Bush
20%
30% Hanging Roots
20%
85% Hay Bale
20%
30% Leaf Litter
20%
65% Mushroom Stem
20%
65% Nether Wart
20%
85% Nether Wart Block
20%
30% Pink Petals
20%
85% Pitcher Plant
20%
100% Pumpkin Pie
20%
30% Tall Dry Grass
20%
50% Weeping Vines
20%
30% Wildflowers
20%
65% Closed Eyeblossom
13%
65% Crimson Roots
13%
50% Dried Kelp Block
13%
50% Nether Sprouts
13%
65% Open Eyeblossom
13%
30% Pale Hanging Moss
13%
65% Pale Moss Block
13%
30% Pale Moss Carpet
13%
30% Pitcher Pod
13%
30% Small Dripleaf
13%
65% Spore Blossom
13%
65% Warped Roots
13%
85% Warped Wart Block
13%
65% Carved Pumpkin
7%
50% Glow Lichen
7%
65% Shroomlight
7%
No matching quizzes found
Score Distribution
Percent of People with Each Score
Percentile by Number Answered
Your Score History
You have not taken this quiz